MARC details
| 000 -LEADER |
| campo de control de longitud fija |
02683nam a22004337a 4500 |
| 003 - IDENTIFICADOR DE NÚMERO DE CONTROL |
| campo de control |
BO-EaUP |
| 005 - FECHA Y HORA DE LA ÚLTIMA TRANSACCIÓN |
| campo de control |
20260504151105.0 |
| 008 - DATOS DE LONGITUD FIJA--INFORMACIÓN GENERAL |
| campo de control de longitud fija |
260504b2022 ck ad|||ri||| 00| 0 spa d |
| 020 ## - NÚMERO INTERNACIONAL ESTÁNDAR DEL LIBRO |
| Número Internacional Estándar del Libro |
978-958-503-384-9 |
| 040 ## - FUENTE DE CATALOGACIÓN |
| Centro catalogador/agencia de origen |
BO-EaUP |
| Centro/agencia transcriptor |
Biblioadmiempresas |
| Normas de descripción |
RDA |
| Lengua de catalogación |
spa |
| 041 ## - CÓDIGO DE IDIOMA |
| Código de lengua del texto/banda sonora o título independiente |
spa |
| Código de lengua original |
spa |
| 043 ## - CÓDIGO DE ÁREA GEOGRÁFICA |
| Código de área geográfica |
s-ck |
| 082 ## - NÚMERO DE LA CLASIFICACIÓN DECIMAL DEWEY |
| Número de edición |
21 |
| Número de clasificación |
658.5 |
| 092 ## - ASIGNACIÓN LOCAL DE SIGNATURA TOPOGRÁFICA DEWEY (OCLC) |
| Número de clasificación |
658.5 |
| Signatura Librística |
S5874 |
| 100 ## - ENTRADA PRINCIPAL--NOMBRE DE PERSONA |
| Nombre de persona |
Silvera Escudero, Rodolfo Enrique |
| Término indicativo de función/relación |
Autor |
| 9 (RLIN) |
55 |
| 245 10 - MENCIÓN DEL TÍTULO |
| Título |
Ciclos logísticos : planeación y estrategia en la cadena de suministro / |
| Mención de responsabilidad, etc. |
Rodolfo Silvera E. |
| 250 ## - MENCION DE EDICION |
| Mención de edición |
Primera edición |
| 260 ## - PUBLICACIÓN, DISTRIBUCIÓN, ETC. |
| Lugar de publicación, distribución, etc. |
Bogotá : |
| Nombre del editor, distribuidor, etc. |
Ecoe Edicones, |
| Fecha de publicación, distribución, etc. |
2022 |
| 300 ## - DESCRIPCIÓN FÍSICA |
| Extensión |
xxvi, 184 páginas ; |
| Otras características físicas |
Ilustraciones, cuadros, gráficos.-- (Ciencias empresariales. Logística) ; |
| Dimensiones |
17 x 24 centímetros ; |
| Tipo de unidad |
Rústico |
| 336 ## - TIPO DE CONTENIDO |
| Fuente |
rdacontenido |
| Término de tipo de contenido |
texto |
| Código de tipo de contenido |
txt |
| 337 ## - TIPO DE MEDIO |
| Fuente |
rdamedia |
| Nombre/término del tipo de medio |
no mediado |
| Código del tipo de medio |
n |
| 338 ## - TIPO DE SOPORTE |
| Nombre/término del tipo de soporte |
volumen |
| Código del tipo de soporte |
nc |
| Fuente |
rdacarrier |
| 505 2# - NOTA DE CONTENIDO CON FORMATO |
| Nota de contenido con formato |
CAPÍTULOS 1. Ciclos del abastecimientos de las mercancías.- |
| 505 2# - NOTA DE CONTENIDO CON FORMATO |
| Nota de contenido con formato |
CAPÍTULOS 2. Ciclos del inventario de mercancías.- |
| 505 2# - NOTA DE CONTENIDO CON FORMATO |
| Nota de contenido con formato |
CAPÍTULOS 3. Ciclos de almacenamiento de mercancías.- |
| 505 2# - NOTA DE CONTENIDO CON FORMATO |
| Nota de contenido con formato |
CAPÍTULOS 4. Ciclos de transporte de las mercancías.- |
| 505 2# - NOTA DE CONTENIDO CON FORMATO |
| Nota de contenido con formato |
CAPÍTULOS 5. Ciclos de las exportaciones de las mercancías.- |
| 505 2# - NOTA DE CONTENIDO CON FORMATO |
| Nota de contenido con formato |
CAPÍTULOS 6. Ciclos de la importaciones de mercancías.- |
| 505 2# - NOTA DE CONTENIDO CON FORMATO |
| Nota de contenido con formato |
CAPÍTULOS 7. Estudio de casos de la administración de la cadena de suministro general y global.- |
| 505 2# - NOTA DE CONTENIDO CON FORMATO |
| Nota de contenido con formato |
CAPÍTULOS 8. Ejercicios generales aplicados a los procesos logísticos estadísticos.- |
| 520 ## - RESUMEN, ETC. |
| Sumario, etc. |
En Ciclos logísticos se describen en forma sistemática todos los ciclos de los procesos de la cadena de suministro, haciendo un aporte importante al conocimiento de innovación en los diferentes eslabones como: abastecimiento, almacenamiento, inventarios, transporte y distribución de las mercancías. De igual forma, abarca temas importantes de los ciclos de la logística internacional como los procesos de exportación e importación. |
| 521 ## - NOTA DE PÚBLICO DESTINATARIO |
| Nota de público destinatario |
Dirigido a estudiantes de Administración de Empresas, Administración Logística, Ingeniería Industrial, Economía y Administración de Negocios Internacionales. Asimismo, a estudiantes tecnólogos en Gestión Logística, coordinadores de procesos logísticos, distribución física, comercio internacional, Especialización Tecnológica en Gestión Económica de la Logística Internacional y en Logística Internacional. |
| 650 ## - PUNTO DE ACCESO ADICIONAL DE MATERIA--TÉRMINO DE MATERIA |
| Término de materia o nombre geográfico como elemento de entrada |
LOGÍSTICA EMPRESARIAL |
| 9 (RLIN) |
1651 |
| 650 ## - PUNTO DE ACCESO ADICIONAL DE MATERIA--TÉRMINO DE MATERIA |
| Término de materia o nombre geográfico como elemento de entrada |
OPERACIONES Y PROYECTOS |
| 9 (RLIN) |
5926 |
| 653 ## - TÉRMINO DE INDIZACIÓN--NO CONTROLADO |
| Término no controlado |
ADMINISTRACIÓN DE MATERIALES |
| 653 ## - TÉRMINO DE INDIZACIÓN--NO CONTROLADO |
| Término no controlado |
CADENA DE ABASTECIMIENTOS |
| 653 ## - TÉRMINO DE INDIZACIÓN--NO CONTROLADO |
| Término no controlado |
GESTIÓN DE ALMACENES |
| 942 ## - ELEMENTOS DE ENTRADA SECUNDARIOS (KOHA) |
| Fuente del sistema de clasificación o colocación |
Clasificación Decimal Dewey |
| Tipo de ítem Koha |
Libros |
| Suprimir en OPAC |
No |
| Edición |
21 |